000 00767nam a2200253Ia 4500
003 OSt
005 20220918230907.0
006 a|||||r|||| 00| 0
007 ta
008 220917b |||||||| |||| 00| 0 eng d
020 _c10
024 _a261,408
037 _bMPH/6106, 19/03/2012, Modern Publishing House
_cTextual
040 _aARTS
_cARTS
_beng
041 _2eng
_aeng
082 _aNW44, 168M7
100 _aPrem Pal Ashk
_9153459
245 0 _aHamara cinema
260 _aNew Delhi
_bNational Cauncil for Promation of Urdu Language
_c2002
300 _a115p.
_ccm.
650 _aARTS; MOTION PICTURES
_913978
942 _hNW44, 168M7
_cTEXL
_2CC
999 _c289237
_d289237